| 000 | 00000nam##2200000za#4500 |
| 001 | 9.663567 |
| 003 | CaOODSP |
| 005 | 20210615121112 |
| 007 | ta |
| 008 | 150407|2002||||xxc||||| f|0| 0 eng|d |
| 020 | |a0-662-66410-8 |
| 040 | |aCaOODSP|beng |
| 041 | |aeng |
| 041 | |afre |
| 043 | |an-cn--- |
| 086 | 1 |aSC94-90/2002 |
| 110 | 1 |aCanada.|bCanadian Centre for Management Development. |
| 245 | 10|aUsing horizontal tools to work across boundaries : |blessons learned and signposts for success / |cby Andrea D. Rounce and Norman Beaudry. |
| 260 | |aOttawa - Ontario : |bCanadian Centre for Management Development |c2002. |
| 300 | |aviii, 39p. : |breferences ; |c28 cm. |
| 563 | |aSoftcover |
| 590 | |a02-31|b2002-08-02 |
| 690 | 07|aDecentralization|2gcpds |
| 690 | 07|aOffice management|2gcpds |
| 690 | 07|aPartnerships|2gcpds |
| 690 | 07|aPublic administration|2gcpds |
| 720 | 1 |aRounce, Andrea D. |
| 720 | 1 |aBeaudry, Norman |
| 776 | 0#|tUtiliser des outils horizontaux pour transcender les frontières : |w(CaOODSP)9.630756 |
| 776 | 0#|tUsing horizontal tools to work across boundaries : |w(CaOODSP)9.686279 |
| 792 | |tUtiliser des outils horizontaux pour transcender les frontières : |efre|w(CaOODSP)9.663568 |